02433cam a22003615i 45000010009000000050017000090080041000260100017000670200018000840200015001020350026001170400023001430420008001660430012001740820015001861000041002012450165002422500019004073000033004265000109004595040052005685050394006205200644010145460028016586000046016866500046017326500041017786500035018196500052018547000040019067100061019467110064020071846207720220326193332.0141010s2014 pe 000 0 spa  a 2014422990 a9786124092251 a6124092255 a(CVcHKB)hkb2001088468 aDLCbengcDLCerda apcc as-pe--- a708bB412l1 aBedoya, Luz María,d1969-eartist.10aLíneas, palabras, cosas :bLuz María Bedoya : Galería Germán Krüger Espantoso, del 16 de abril al 1 de junio de 2014 /c[curador : Miguel A. López]. a1a. edición. a144 págs. :bill. ;c29 cm aCatalog of an exhibition held April 16 - June 1, 2014 at Galería Germán Krüger Espantoso, in Lima. aIncludes bibliographical references (page 141).8 aPresentaciones / Germán Krüger Espantoso, Fernando Torres Quirós -- La mínima habla = Minimal speech / Miguel A. López -- De un punto ciego a línea[s] [in] visibles = From a blind spot to [in] visible line [s] / Dorota Biczel -- Un haz de líneas que incide en lo contingente = A beam of light striking the continent / Jorge Villacorta -- Obras -- Selección de exposiciones. aWithin the framework of the 2nd Biennial of Photography of Lima, photographer Luz Mara Bedoya (b. Talara, Peru 1969) presents an anthological exhibition of her last 20 years artwork, "a body of work that began in 1990, with proposals made in the photographic medium, and then expanded into assemblage, sculptural objects, installations, drawing (random, footage), video art (single-channel video projection, video installation and video performance), text (written, printed on page and qualified) and sound art (recording of audio, experiments by way of oral poetry, distorted recording); while never leaving photography completely aside." aIn Spanish and English.10aBedoya, Luz María,d1969-vExhibitions. 0aArt, Peruviany21st centuryvExhibitions. 0aArte PeruanoySiglo 21vExhibiciones 0aInstalaciones (Arte)ySiglo 21 0aInstallations (Art)y21st centuryvExhibitions.1 aLópez, Miguel A.,d1983-ecurador2 aGalería Germán Krüger Espantoso,ehostinstitution.2 aBienal de Fotografía de Liman(2nd :d2014 :cLima, Peru)